000 00522nam a2200193 a 4500
001 1773826207793
003 YourLibrary
005 20260318150211.0
008 260318s2004##################000#0#eng##
020 _a9780333920510
082 0 4 _a338.951
_bHUA
100 1 _aHuang, Jianrong,
_eauthor.
245 1 0 _aThe Dynamics of China's Rejuvenation :
260 _bPalgrave MacMillan,
_c2004.
300 _a144 pages
650 0 _aBusiness & Economics.
942 _cENGLISH
040 _aYourLibrary
_beng
_cYourLibrary
999 _c617987
_d617987